Quebra-cabeças sobre matemática (Registo nº 941)
[ vista simples ]
| 000 -Etiqueta do registo | |
|---|---|
| Cabeçalho | 00947cam a2200337 4500 |
| 005 - Identificador da versão | |
| Campo de controlo | 20240813121819.0 |
| 010 ## - Número internacional normalizado dos livros (ISBN) | |
| Número (ISBN) | 9725702735 |
| 021 ## - Número do Depósito Legal | |
| Código do país | PT |
| Número | 173530/01 |
| 035 ## - Other System Control Numbers | |
| System Control Number | 0001006 |
| System Control Number | 0000989 |
| 100 ## - Dados gerais de processamento | |
| Dados gerais de processamento | 20080325e2001 e y0pory5003 ba |
| 102 ## - Pais de publicação ou produção | |
| País de publicação | Portugal |
| 101 1# - Língua de publicação | |
| Língua do texto, banda sonora, etc. | Português |
| Língua do documento no original | Inglês |
| 106 ## - Campo de dados codificados: material textual | |
| Dados codificados do material textual | r |
| 105 ## - Campo de dados codificados: livros | |
| Dados codificados dos livros | a z 001yy |
| 215 ## - Descrição física | |
| Indicação específica da natureza do documento e extensão da espécie | 95 p. |
| Outras indicações físicas | il. |
| Dimensões | 21 cm |
| 200 1# - Titulo e menção de responsabilidade | |
| Título próprio | Quebra-cabeças sobre matemática |
| Primeira menção de responsabilidade | Margaret C. Edmiston |
| Outras menções de responsabilidade | trad. Joana Rosa |
| -- | il. Jim Sharpe |
| 225 2# - Colecção | |
| Título próprio da colecção | Quebra-cabeças |
| 205 ## - Menção da edição | |
| Menção da edição | 1a ed. |
| Outras menções de edição | 2a imp |
| 210 ## - Publicação, Distribuição, etc. | |
| Lugar da edição, distribuição, etc. | Lisboa |
| Nome do editor, distribuidor, etc. | Replicação |
| Data da publicação, distribuição, etc. | imp. 2006 |
| 304 ## - Notas relativas a título e menção de responsabilidade | |
| Texto da nota | Tít. orig.: Fantastic book of Math puzzles |
| 675 ## - Classificação Decimal Universal (CDU) | |
| Notação | 51(076) |
| Edição | BN |
| Língua da edição | por |
| Notação | 793.7(076) |
| Edição | BN |
| Língua da edição | por |
| 702 #1 - Nome de autor-pessoa física (responsabilidade secundária) | |
| Número de registo de entrada de autoridade | 0001248 |
| Palavra de ordem | Rosa |
| Outra parte do nome não tomada para palavra de ordem | Joana |
| Código de função | Tradutor |
| Número de registo de entrada de autoridade | 0001249 |
| Palavra de ordem | Sharpe |
| Outra parte do nome não tomada para palavra de ordem | Jim |
| Código de função | Ilustrador / Técnico de desenho computorizado |
| 700 #1 - Nome de autor-pessoa física (responsabilidade principal) | |
| Número de registo de entrada de autoridade | 0001247 |
| Palavra de ordem | Edmiston |
| Outra parte do nome não tomada para palavra de ordem | Margaret C. |
| 942 ## - Elementos de entrada adicionados (Koha) | |
| Tipo de item no Koha | Livro |
| Situação do levantamento | Origin of item (home branch) (coded) | Biblioteca de empréstimo | Código de barras | Cota | Circulation type (not for loan) | Tipo de documento | Nota do exemplar | Damaged status |
|---|---|---|---|---|---|---|---|---|
| Biblioteca Escolar Eng. Nuno Mergulhão | Biblioteca Escolar Eng. Nuno Mergulhão | BENM1682 | 51 EDM | Livro | Sem mensagem |
